1069 1951 1591 1387 1054 1981 1663 1975 1124 1032 1418 1273 1738 1106 1914 1974 1566 1388 1501 1392 1205 1495 1966 1016 1510 1239 1041 1624 1423 1935 1492 1319 1833 1215 1483 1889 1979 1557 1853 1034 1624 1291 1787 1444 1645 1545 1287 1194 1572 1454 1015 1743 1727 1939 1874 1943 1247 1162 1149 1243 1986 1931 1653 1394 1534 1279 1191 1544 1322 1498 1456 1693 1676 1737 1462 1619 1768 1721 1674 1645 1963 1759 1947 1073 1785 1465 1012 1945 1013 1513 1662 1923 1681 1850 1758 1564 1420 1876 1625 BCNSPRNW ULIB Ver.6.0+V

เปลี่ยนเป็นภาษาไทย

Change to English
 แสดงรายละเอียดบรรณานุกรม
  กลับหน้าหลัก

Brief Record : Get Marc (ISO 2709) : E-mail record : QR code < ปิดหน้าต่าง
LEADER : 00000nam a2200000Ia 4500
001    13399120016
003     ULIB
008    110124s2555 th a 000 0 tha d
020    ^a9786162790010
060 04 ^aWB115^bอย641
245 00 ^aอายุรศาสตร์ทันยุค 2555 =^bUpdate in internal medicine 2012 /^cบรรณาธิการ : อภิรดี ศรีวิจิตรกมล รุ่งโรจน์ กฤตยพงษ์, วันชัย เดชสมฤทธิ์ฤทัย,
246 14 ^aEmerency in internal medicine
246 31 ^aUpdate in internal medicine 2012
250    ^aพิมพ์ครั้งที่ 1
260    ^aกรุงเทพฯ :^bภาควิชาอายุรศาสตร์ คณะแพทยศาสตร์ศิริราชพยาบาล มหาวิทยาลัยมหิดล,^c2555
300    ^a349 หน้า :^bภาพประกอบ ;^c26 ซม.
650  2 ^aInternal medicine
650  4 ^aอายุรศาสตร์
650  4 ^aอายุรศาสตร์^vรวมเรื่อง
653    ^aผลงานอาจารย์คณะแพทยศาสตร์ศิริราชพยาบาล
700 0  ^aรุ่งโรจน์ กฤตยพงษ์,^eบรรณาธิการ
700 0  ^aวันชัย เดชสมฤทธิ์ฤทัย,^eบรรณาธิการ
700 0  ^aอภิรดี ศรีวิจิตรกมล,^eบรรณาธิการ
710    ^aมหาวิทยาลัยมหิดล. ^bคณะแพทยศาสตร์สิริราชพยาบาล. ^bภาควิชาอายุรศาสตร์
945    ^p250^l0^i032476
945    ^p250^l0^i032477
945    ^p250^l0^i032479
945    ^p250^l0^i032480
945    ^p250^l0^i033882
945    ^p250^l0^i033884
945    ^p250^l0^i033885
995    ^aเกษร
999    ^aใช้งานได้ทุกระบบ
รายการนี้ยังไม่มีแท็ก
คุณยังไม่ได้ล็อกอิน คุณสามารถมีกิจกรรมร่วมกับเว็บไซต์ได้ แต่ต้องล็อกอินก่อน ::
  ล็อกอิน

รายการสื่อสารสนเทศ

ลำดับที่ ประเภท เลขเรียก/บาร์โค้ด สถานที่ สถานะ
1. วิทยาศาสตร์การแพทย์ และสุขภาพ
วิทยาศาสตร์การแพทย์ และสุขภาพ
WB115 อย641 ฉ.2 
  Barcode: 032477
ห้องสมุดวิทยาเขตสวรรค์ประชารักษ์
►ส่วนจัดเก็บหนังสือเก่า สปร
บนชั้น
  ขอยืม
2. วิทยาศาสตร์การแพทย์ และสุขภาพ
วิทยาศาสตร์การแพทย์ และสุขภาพ
WB115 อย641 ฉ.3 
  Barcode: 032479
ห้องสมุดวิทยาเขตสวรรค์ประชารักษ์
►ส่วนจัดเก็บหนังสือเก่า สปร
บนชั้น
  ขอยืม
3. วิทยาศาสตร์การแพทย์ และสุขภาพ
วิทยาศาสตร์การแพทย์ และสุขภาพ
WB115 อย641 ฉ.4 
  Barcode: 032480
ห้องสมุดวิทยาเขตสวรรค์ประชารักษ์
►ส่วนจัดเก็บหนังสือเก่า สปร
บนชั้น
  ขอยืม
4. วิทยาศาสตร์การแพทย์ และสุขภาพ
วิทยาศาสตร์การแพทย์ และสุขภาพ
WB115 อย641 ฉ.5 
  Barcode: 033882
ห้องสมุดวิทยาเขตสวรรค์ประชารักษ์
►ส่วนจัดเก็บหนังสือเก่า สปร
บนชั้น
  ขอยืม
5. วิทยาศาสตร์การแพทย์ และสุขภาพ
วิทยาศาสตร์การแพทย์ และสุขภาพ
WB115 อย641 ฉ.6 
  Barcode: 033884
ห้องสมุดวิทยาเขตสวรรค์ประชารักษ์
►ส่วนจัดเก็บหนังสือเก่า สปร
บนชั้น
  ขอยืม
6. วิทยาศาสตร์การแพทย์ และสุขภาพ
วิทยาศาสตร์การแพทย์ และสุขภาพ
WB115 อย641 ฉ.7 
  Barcode: 033885
ห้องสมุดวิทยาเขตสวรรค์ประชารักษ์
►ส่วนจัดเก็บหนังสือเก่า สปร
บนชั้น
  ขอยืม

รายการใกล้เคียง
    หัวเรื่อง [Internal medicine]
    หัวเรื่อง [อายุรศาสตร์]

BibComment


ยังไม่เคยถูกคอมเมนท์

คอมเมนท์ทรัพยากรรายการนี้
  คอมเมนท์: อายุรศาสตร์ทันยุ..


 Copyright 2026. Bcnsprnw @Library